000 00284nam a2200109Ia 4500
001 1262007
005 20260417140403.0
008 260417s9999 xx 000 0 und d
020 _a9786051416106
245 0 _aİsa’nın Güncesi
_cMelih Cevdet Anday
260 _bEverest Yayınları
999 _c1262007
_d1262007